000 00649nam a22002177a 4500
005 20150521151324.0
008 140714b xxu||||| |||| 00| 0 Urdu d
010 _aUR-8945
020 _c350.00
_a9788192747712
035 _aU-7500
037 _bBPPD/Pub/Ven
040 _aDPL
_bUrdu
082 _a270.100
100 _aجعفر ر ضا
245 _aتصو ف:نيا تنا ظر
_cجعفر ر ضا
246 h _a‏Tasawuf: Naya Tanazur
_bBy Jafer Raza
260 _bShabistan
_c2013
_aAlahabad
270 _a786,Shah Ganj,
_bAlahabad
_k -
_e211003
300 _a252ص
_c22Cm (Hb)
942 _2ddc
_cUR
_e
_h270.100
_mج ع ف
999 _c93856
_d93856